The student's Haggadah. (Record no. 2533)

000 -LEADER
fixed length control field 00604nam a2200205 a 4500
001 - CONTROL NUMBER
control field :::00000258$&:&@@
003 - CONTROL NUMBER IDENTIFIER
control field OkBaRHE
005 - DATE AND TIME OF LATEST TRANSACTION
control field 20100408142338.0
008 - FIXED-LENGTH DATA ELEMENTS--GENERAL INFORMATION
fixed length control field s1969 j 000 0 eng u
040 ## - CATALOGING SOURCE
Transcribing agency
100 1# - MAIN ENTRY--PERSONAL NAME
Personal name Schiff, Alvin I.
245 14 - TITLE STATEMENT
Title The student's Haggadah.
260 ## - PUBLICATION, DISTRIBUTION, ETC. (IMPRINT)
Place of publication, distribution, etc n.p.
Name of publisher, distributor, etc Ktav Publishing House Inc.
Date of publication, distribution, etc 1969
300 ## - PHYSICAL DESCRIPTION
Extent 94 p. illus.
650 ## - SUBJECT ADDED ENTRY--TOPICAL TERM
Topical term or geographic name as entry element Haggadot
General subdivision Texts.
650 ## - SUBJECT ADDED ENTRY--TOPICAL TERM
Topical term or geographic name as entry element Jewish
General subdivision Liturgy
-- Texts.
650 ## - SUBJECT ADDED ENTRY--TOPICAL TERM
Topical term or geographic name as entry element Seder
General subdivision Liturgy
-- Texts.
942 ## - ADDED ENTRY ELEMENTS (KOHA)
Source of classification or shelving scheme
Koha item type Books
Copies
Lost status Copy number Shelving location Not for loan Date acquired Date last seen Barcode Price effective from Full call number Permanent Location Withdrawn status Koha item type Damaged status Source of classification or shelving scheme
 1General Stacks 2010-04-142011-12-152582010-04-14BM 675 .P4 S34RHEMA Bible Training College Books